000 00690nam a2200253Ia 4500
003 OSt
005 20220918211634.0
006 a|||||r|||| 00| 0
007 ta
008 220917b |||||||| |||| 00| 0 eng d
024 _a125,049
037 _cTextual
040 _aARTS
_cARTS
_beng
041 _2eng
_aeng
082 _aW:91, L5
100 _aMerritt Richard L ed
_9121115
245 0 _aForeign policy analysis
260 _aLexington
_bLexington Books
_c1975
300 _aviii,164p.
_ccm.
490 _aPolicy studies organisation series; 9
650 _aPOLITICAL SCIENCE
942 _hW:91, L5
_cTEXL
_2CC
999 _c248234
_d248234